Some networks models in management science

Salvato in:
Dettagli Bibliografici
Autore principale: Elmaghraby, Salah E (Autore)
Natura: Libro
Lingua:inglese
Pubblicazione: Berlín Springer-Verlag 1970
Serie:Lecture Notes in Economics and Mathematical Systems, 29
Soggetti:
Tags: Aggiungi Tag
Nessun Tag, puoi essere il primo ad aggiungerne!!

MARC

LEADER 00000nam a2200000 a 4500
001 UCP2619
003 CL-VaPUC
008 990520e19700000GW |||||||||||||||||eng|d
082 0 4 |a 511.5  |b ELM  |2 21 
100 |a Elmaghraby, Salah E  |e author  |9 364668 
245 1 0 |a Some networks models in management science 
300 |a 176 p 
942 |c BK 
945 |d 19990520 00:00:00  |a crobeson 
260 |a Berlín  |b Springer-Verlag  |c 1970 
650 0 |a Teoría de grafos  |9 269886 
650 7 |a DIAGRAMAS  |2 CL-VaPUC  |9 338544 
650 7 |a REDES  |2 CL-VaPUC  |9 366308 
583 |a last modification  |c 19990520 00:00:00  |k Rodrigo Vera 
490 0 |a Lecture Notes in Economics and Mathematical Systems, 29 
999 |c 281131  |d 281129 
952 |0 0  |1 0  |4 0  |6 511_500000000000000_ELM_1970  |7 0  |8 A  |9 321797  |a BIBMAT  |b BIBMAT  |d 2019-11-20  |i 1346210  |o 511.5 ELM 1970  |p 1346210  |r 2025-01-07  |w 2019-11-20  |y BK  |k MAT